000 01650nam a2200397 a 4500
001 000116289
003 CHAP
005 20220329144609.0
008 191021s2013 mx a |s| ||||||spa d
010 _a112750
011 _a113722
020 _a9786074510928
040 _cCHAP
090 _aCD-497
110 2 _aAsociación Nacional de Universidades e Instituciones de Educación Superior. México
_98094
245 1 0 _aAnuario estadístico :
_h[Disco compacto]
_bpoblación escolar y personal docente en la educacíon media superior y superior en México ciclo escolar 2011-2012 /
_cpor ANUIES.
260 _aMéxico, D.F. :
_bANUIES,
_c2013.
300 _a1 CD ROM ;
_c4 3/4 plg.
490 0 _aColección información y estadística
590 _aE11695DGD
_b10
_c20191024
_lUCH01
_h1235
590 _aE11695DGD
_b10
_c20191024
_lUCH01
_h1238
590 _aE5765TAJ
_b05
_c20191021
_lUCH01
_h1302
590 _aE5765TAJ
_b05
_c20191021
_lUCH01
_h1308
590 _aE5765TAJ
_b05
_c20191021
_lUCH01
_h1318
650 1 4 _aEducación media superior
_xEstadísticas
_zMéxico.
_935580
650 1 4 _aEducación superior
_xEstadísticas
_zMéxico.
_935631
650 1 4 _aEstudiantes
_xEducación media
_vEstadísticas.
_9137113
650 1 4 _aEstudiantes
_xEducación superior
_vEstadísticas.
_9137111
650 1 4 _aMaestros
_xEducación media
_vEstadísticas.
_9137112
650 1 4 _aMaestros
_xEducación superior
_vEstadísticas.
_9137110
710 0 _aAsociación Nacional de Universidades e Instituciones de Educación Superior. México.
_98094
830 0 _aColección información y estadística
_9137109
901 _aBK
942 _cCD
942 _n0
999 _c112750
_d112750